Construction Economist (Record no. 118523)
[ view plain ]
| 000 -LEADER | |
|---|---|
| fixed length control field | 00603cas a22002175a 4500 |
| 001 - CONTROL NUMBER | |
| control field | L148 |
| 008 - FIXED-LENGTH DATA ELEMENTS--GENERAL INFORMATION | |
| fixed length control field | 070717c1987 xxcqr p 0 a0eng |
| 022 1# - INTERNATIONAL STANDARD SERIAL NUMBER | |
| International Standard Serial Number | 0836-6179 |
| 035 ## - SYSTEM CONTROL NUMBER | |
| System control number | (Sirsi) u98786 |
| 041 1# - LANGUAGE CODE | |
| Language code of text/sound track or separate title | eng |
| Language code of summary or abstract | fre |
| 110 2# - MAIN ENTRY--CORPORATE NAME | |
| Corporate name or jurisdiction name as entry element | Canadian Institute of Quantity Surveyors |
| 9 (RLIN) | 1896 |
| 245 00 - TITLE STATEMENT | |
| Title | Construction Economist |
| Remainder of title | the Journal of the Canadian Institute of Quantity Surveyors |
| 260 3# - PUBLICATION, DISTRIBUTION, ETC. | |
| Place of publication, distribution, etc. | Toronto |
| Name of publisher, distributor, etc. | CIQS |
| Date of publication, distribution, etc. | 1987- |
| 362 ## - DATES OF PUBLICATION AND/OR SEQUENTIAL DESIGNATION | |
| Dates of publication and/or sequential designation | 1(1) June 1987- |
| 554 ## - | |
| -- | Four per year |
| 651 #4 - SUBJECT ADDED ENTRY--GEOGRAPHIC NAME | |
| Geographic name | Canada |
| 690 ## - LOCAL SUBJECT ADDED ENTRY--TOPICAL TERM (OCLC, RLIN) | |
| Topical term or geographic name as entry element | Quantity surveying |
| 9 (RLIN) | 6263 |
| 780 00 - PRECEDING ENTRY | |
| Title | Cipher |
| 942 ## - ADDED ENTRY ELEMENTS (KOHA) | |
| Suppress in OPAC | 0 |
| 948 ## - LOCAL PROCESSING INFORMATION (OCLC); SERIES PART DESIGNATOR (RLIN) | |
| c (OCLC) | 10/05/1994 |
| Withdrawn status | Lost status | Source of classification or shelving scheme | Damaged status | Not for loan | Home library | Current library | Shelving location | Date acquired | Total Checkouts | Full call number | Barcode | Date last seen | Price effective from | Koha item type |
|---|---|---|---|---|---|---|---|---|---|---|---|---|---|---|
| Dewey Decimal Classification | London | London | Gallery | 27/10/2004 | CONSTRUCTION ECONOMIST | 98786-1001 | 06/08/2019 | 06/08/2019 | Journal |